00974nam a2200253 a 4500001001000000003000500010005001700015008004100032010001100073011001100084040000900095100002900104245015200133260004100285500006000326502010500386504002700491650002800518650003600546650002700582650002500609856001600634856007000650000111440CHAP20220329144211.0150413s2015 mx a fsm |||||||spa d a107902 a108874 cCHAP1 aBonilla López, Armando13aLa milpa de ladera en Cuetzalan Puebla, un Sistema Importante del Patrimonio Agrícola Mundial (SIPAM)h[En línea]cpor Armando Bonilla López. aChapingo, Méx. :bEl autor,c2015. aPara ver el contenido del material haga clic en la liga aTesis (M. C. en Desarrollo rural Regional) -- UACH. Dirección de Centros Regionales Universitarios aIncluye bibliografía14aCooperativismozPuebla.14aDesarrollo sustentablezPuebla.14aSeguridad alimentaria.14aSistemas de cultivo. a1 n0000997 aFinding aiduhttp://10.13.5.2/tesis/sist111440.pdfzTeclea aquí